Research in Clinical Practice

Research in Clinical Practice is a neat, pocket-sized reference guide examining how to get the most from actively participating in research. Including how to begin, avoiding pitfalls, whom to approach and what questions to ask - all significant practicalities for conducting research in the reader�...

Full description

Bibliographic Details
Main Authors: Smith, Daron (Author), Wood, Dan (Author)
Corporate Author: SpringerLink (Online service)
Format: Electronic eBook
Language:English
Published: London : Springer London : Imprint: Springer, 2013.
Subjects:
Online Access:Full Text via HEAL-Link
LEADER 02206nam a22004095i 4500
001 978-1-4471-2873-1
003 DE-He213
005 20130726215838.0
007 cr nn 008mamaa
008 120918s2013 xxk| s |||| 0|eng d
020 |a 9781447128731  |9 978-1-4471-2873-1 
024 7 |a 10.1007/978-1-4471-2873-1  |2 doi 
040 |d GrThAP 
050 4 |a R1 
072 7 |a MB  |2 bicssc 
072 7 |a MED000000  |2 bisacsh 
082 0 4 |a 610  |2 23 
100 1 |a Smith, Daron.  |e author. 
245 1 0 |a Research in Clinical Practice  |h [electronic resource] /  |c by Daron Smith, Dan Wood. 
264 1 |a London :  |b Springer London :  |b Imprint: Springer,  |c 2013. 
300 |a XIX, 104 p.  |b online resource. 
336 |a text  |b txt  |2 rdacontent 
337 |a computer  |b c  |2 rdamedia 
338 |a online resource  |b cr  |2 rdacarrier 
347 |a text file  |b PDF  |2 rda 
505 0 |a Introduction -- Setting up a project -- Choosing a Project, Location and Supervisor -- Choosing a Degree -- Getting a Grant -- Special Qualifications and Equipment -- Getting Started -- Data Management -- Writing Up -- An Academic Career Pathway -- Getting Back -- Life After. 
520 |a Research in Clinical Practice is a neat, pocket-sized reference guide examining how to get the most from actively participating in research. Including how to begin, avoiding pitfalls, whom to approach and what questions to ask - all significant practicalities for conducting research in the reader's area of interest. Each reader will learn how to make the best use of such a valuable time.   Written by two experienced surgeons, both of whom achieved post graduate research degrees, Research in Clinical Practice, is an essential tool for clinicians embarking on a research project as well as those who are new to supervising researchers. 
650 0 |a Medicine. 
650 1 4 |a Medicine & Public Health. 
650 2 4 |a Medicine/Public Health, general. 
700 1 |a Wood, Dan.  |e author. 
710 2 |a SpringerLink (Online service) 
773 0 |t Springer eBooks 
776 0 8 |i Printed edition:  |z 9781447128724 
856 4 0 |u http://dx.doi.org/10.1007/978-1-4471-2873-1  |z Full Text via HEAL-Link 
912 |a ZDB-2-SME 
950 |a Medicine (Springer-11650)